000 00599nam a2200193Ia 4500
005 20250508165517.0
008 008 250505s9999 xx 000 0 hin d
037 _aDissertations
040 _aFEDL
_beng
_cFEDL
041 _ahin
_2eng
084 _a376, HAY/DI
_qFEDL
100 _aHayat Rahat
_9780144
245 0 _aShiksha ke prati muslim mahilaon ki abhivratti: Muslim parivaro ka vyaktivratt adhyayan
260 _c2015
300 _avi, 121p.
546 _aM. Phil Dissertation (Delhi University); C D Included
942 _cDIS
_h376, HAY/DI
999 _c1395563
_d1395563